00309nam a2200121Ia 4500008004100000041000800041082001600049100001700065245002600082260004400108300002400152365001100176240624s9999 xx 000 0 und d aeng a332.151 AVA aAVADHANI V A aINTERNATIONAL FINANCE c2011aMumbaibHimalaya Publishing House a496 : p. : cm. ; 24 cRSb30